000 00459nam a22001697a 4500
005 20251108165443.0
008 250721s1987 xx 000 0 ara d
082 1 4 _a811.9562/برك
100 1 _aبركات، يوسف
245 1 0 _aأنثى الخيارات الصعبة /
264 1 _aبيروت :
_bدار العودة،
_c1987.
300 _a101ص
650 1 7 _aالشعر العربي
650 1 7 _aلبنان
942 _2ddc
_cBK
999 _c28315
_d28315